00314nam a2200109Ia 450000500170000000800410001710000190005824500710007726000370014830000100018565000090019520260328104307.0260328s9999||||xx |||||||||||||| ||und|| aRuffino, Elisa 0aTeen Art Park :b A Place For Artistic Expression /cElisa Ruffino b‎ Art Center College of Design a76 p. aARTE